| 000 | 00743nam a2200217 u 4500 | ||
|---|---|---|---|
| 005 | 20210223131409.0 | ||
| 008 | 101012s2005 es r 000 0 spa d | ||
| 020 | _a8424106490 | ||
| 035 | _aUPN01000178151 | ||
| 049 | _aI | ||
| 050 | 4 |
_aQK49 _bCH3.2 |
|
| 100 | 1 |
_aCharman, Andy, _d1946- _930681 |
|
| 245 | 1 | 4 |
_aLos árboles tienen hojas : _by otras preguntas sobre plantas / _cAndrew Charman ; tr. de Alberto Jiménez Rioja ; il. de Andrew Beckett. |
| 260 |
_aEspaña : _bEverest, _c2005. |
||
| 300 |
_a32 p. : _bil. col. |
||
| 440 | 0 | _aMe pregunto por qué | |
| 534 |
_pTítulo original : _tI wonder why trees have leaves |
||
| 650 | 4 |
_aPLANTAS - _vLITERATURA JUVENIL _91134 |
|
| 650 | 4 |
_aPREGUNTAS Y RESPUESTAS _95370 |
|
| 905 | _aInfantil | ||
| 999 |
_c150254 _d150254 |
||